| 000 | 00704nam a2200157 i 4500 | ||
|---|---|---|---|
| 001 | 165834 | ||
| 003 | ES-MaACL | ||
| 005 | 20230906213220.0 | ||
| 008 | 050907s1892 sp |||| | spa d | ||
| 100 | 1 |
_aStuyck, Juan. _9132936 |
|
| 245 | 1 | 0 | _aMemoria presentada por el director gerente Juan Stuyck a la Sociedad Especial Minera El Porvenir en la Junta General Ordinaria y Extraordinaria celebrada el día 31 de enero de 1892. |
| 260 |
_aMadrid : _b[s.n.], _c1892 ( _fEstabl. tip. Sucesores de Rivadeneyra) |
||
| 300 |
_a26, [20] p. ; _c26 cm. |
||
| 610 | 2 | 4 |
_aSociedad Especial Minera El Porvenir- _vMemorias y balances. _9134890 |
| 852 |
_aES-MaACL _jT-905-F-10 _z- Enc. hol. _z- Enc. en un vol. facticio |
||
| 999 |
_c165834 _d165834 |
||